00956cam a22002777a 4500003000500000005001700005008004100022010001000063011001000073035001000083040000900093082001300102100002700115245011500142260002600257300001900283590004100302590004200343650002200385650002500407901000700432942001000439949007000449999001700519952014200536CHAP20220817041259.0971013s1990 r 00010 d a10225 a11197 a10435 cCHAP a634bH4800aHessayon, D. G.95505114aThe fruit expertb: a guide to choosing and growing garden fruit plus a complete section on shop-bought fruits aNorwich :bPbi,c1990 a128 p.b: ilus aBATCH-UPDb10c20130110lUCH01h2003 aCONVERSIONb10c20130109lUCH01h130714aArboles frutales.14aFruticultura.943684 aBK cLIBRO a634 H48bBCcCd33724002203322eCgI. c/eh85478i10435sit81.94 c10225d10225 00102ddc4051708CaBCbBCcPA_CONSULTAd2019-12-31eI. c/efLIBROl0o634 H48p33724002203322r2019-12-31 00:00:00w2019-12-31yLIBRO